| 000 | 01171pam a2200313 a 4500 | ||
|---|---|---|---|
| 001 | 1878674 | ||
| 005 | 20240818092939.0 | ||
| 008 | 830930s1984 ilua b 001 0 eng | ||
| 010 | _a83017969 | ||
| 020 | _a0226870332 (pbk.) | ||
| 020 | _a9780226870335 | ||
| 040 |
_aDLC _cDLC _dDLC |
||
| 050 | 0 | 0 |
_aQC173.6 _b.W35 1984 |
| 082 | 0 | 0 |
_a530.11 _219 _bWAL |
| 100 | 1 |
_aWald, Robert M. _922954 |
|
| 245 | 1 | 0 |
_aGeneral Relativity / _cRobert M. Wald. |
| 260 |
_aChicago : _bUniversity of Chicago Press, _c1984. |
||
| 300 |
_axiii, 491 p. : _bill. ; _c25 cm. |
||
| 504 | _aIncludes bibliographical references: p. 473-484 and index. | ||
| 650 | 0 |
_aGeneral relativity (Physics) _922955 |
|
| 653 |
_bGen _cApril2011 |
||
| 856 | 4 | 2 |
_3Publisher description _uhttp://www.loc.gov/catdir/description/uchi051/83017969.html |
| 856 | 4 | 1 |
_3Table of contents only _uhttp://www.loc.gov/catdir/toc/uchi051/83017969.html |
| 856 | 4 | 2 |
_3Contributor biographical information _uhttp://www.loc.gov/catdir/enhancements/fy0609/83017969-b.html |
| 942 |
_2ddc _cBB _hRDA-MOD |
||
| 999 |
_c15085 _d15085 |
||
| 336 |
_2rdacontent _atext _btxt |
||
| 337 |
_aunmediated _2rdamedia _bn |
||
| 338 |
_avolume _bnc _2rdacarrier |
||